[Event "Sabadell Open 2018"]
[Site "Sabadell"]
[Date "2018.09.07"]
[Round "7"]
[White "Serentill Tost, Eduard"]
[Black "Carbajal Gutierrez, Sergi Rober"]
[Result "1/2-1/2"]
[WhiteElo "1613"]
[BlackElo "1529"]
[Annotator "NA"]
[PlyCount "52"]
[EventDate "2018.09.01"]
[EventType "swiss"]
[EventCountry "ESP"]
[SourceTitle "playchess.com"]
[Source "ChessBase"]
[SourceQuality "1"]
[TimeControl "5400+30"]

1. e4 c5 {[%emt 0:30:05]} 2. Nf3 {[%emt 0:00:00]} a6 {[%emt 0:00:14]} 3. d4 {[%emt 0:00:22]} cxd4 {[%emt 0:00:17]} 4. Nxd4 {[%emt 0:00:07]} e5 {[%emt 0:00:04]} 5. Nf3 {[%emt 0:01:03]} Nc6 {[%emt 0:00:10]} 6. a3 {[%emt 0:02:47]} h6 {[%emt 0:03:43]} 7. Bc4 {[%emt 0:01:29]} Nf6 {[%emt 0:00:47]} 8. Nc3 {[%emt 0:03:04]} Bc5 {[%emt 0:01:31]} 9. b4 {[%emt 0:04:23]} Bd4 10. Nxd4 {[%emt 0:03:59]} exd4 {[%emt 0:03:56]} 11. Ne2 {[%emt 0:02:05]} Nxe4 12. Bb2 {[%emt 0:05:41]} d5 {[%emt 0:09:36]} 13. Ba2 O-O {[%emt 0:21:23]} 14. O-O {[%emt 0:02:35]} Be6 {[%emt 0:07:33]} 15. Nxd4 {[%emt 0:01:24]} Rc8 {[%emt 0:01:56]} 16. h3 {[%emt 0:04:00]} Nxd4 17. Qxd4 {[%emt 0:01:37]} f6 {[%emt 0:09:13]} 18. Bb3 Kh8 {[%emt 0:04:32]} 19. Rad1 {[%emt 0:04:14]} Qc7 {[%emt 0:02:30]} 20. Rfe1 {[%emt 0:06:15]} Rfd8 21. c4 {[%emt 0:04:09]} Ng5 {[%emt 0:01:26]} 22. cxd5 {[%emt 0:00:58]} Bg8 {[%emt 0:00:43]} 23. d6 {[%emt 0:03:24]} Bxb3 {[%emt 0:00:10]} 24. Re8+ {[%emt 0:00:43]} Rxe8 {[%emt 0:00:54]} 25. dxc7 {[%emt 0:01:56]} Bxd1 {[%emt 0:00:02]} 26. Qxd1 {[%emt 0:01:05]} Rxc7 {[%emt 0:00:03]} 1/2-1/2

[Event "Sabadell Open 2018"]
[Site "Sabadell"]
[Date "2018.09.08"]
[Round "8"]
[White "Stella, Andrea"]
[Black "Gomez Jurado, Luis Alberto"]
[Result "1/2-1/2"]
[WhiteElo "2508"]
[BlackElo "2235"]
[Annotator "TA"]
[PlyCount "138"]
[EventDate "2018.09.01"]
[EventType "swiss"]
[EventCountry "ESP"]
[SourceTitle "playchess.com"]
[Source "ChessBase"]
[SourceQuality "1"]

{[%evp 21,138,-18,-13,-16,8,7,6,5,10,8,15,8,10,12,6,6,8,7,28,0,0,0,0,0,2,2,21,3,23,4,22,0,0,0,1,0,0,0,0,0,0,0,0,0,0,0,0,0,0,0,0,0,0,0,0,0,0,0,0,0,0,0,0,0,0,0,0,0,0,0,0,0,0,0,0,0,0,0,0,0,0,0,0,0,0,0,0,0,0,0,0,0,0,0,0,0,0,0,0,0,0,0,0,0,0,0,0,0,0,0,0,0,0,0,0,0,0,0,0]} 1. d4 d5 2. c4 c6 {[%cal Bc7c6,Bc6c5][%mdl 32]} 3. Nf3 Nf6 4. Nc3 dxc4 5. a4 e6 6. e3 c5 7. Bxc4 Nc6 {D16: Slav Defence: 5 a4: Lines with 5...Bg4 and 5...Na6} 8. O-O Be7 (8... cxd4 9. exd4 Be7 10. Qe2 O-O 11. Rd1 Nd5 12. Qe4 Nf6 13. Qh4 Nd5 14. Qe4 Nf6 15. Qh4 Nd5 16. Qg3 Bd6 17. Qh3 {½-½ (40) Gelfand,B (2695)-Dubov,D (2696) Sochi 2018}) 9. Ne5 cxd4 10. Nxc6 bxc6 11. exd4 O-O {LiveBook: 4 Games} 12. b3 c5 $146 ({Predecessor:} 12... Qa5 13. Qd3 Rd8 14. Rd1 e5 15. Ne2 exd4 16. Bd2 Qf5 17. Qxf5 Bxf5 18. Ba5 d3 19. Nf4 d2 20. Rxd2 {½-½ (20) Leroy,D (2277)-Vitoux,C (2391) Montpellier 2015}) 13. d5 exd5 14. Nxd5 Nxd5 15. Bxd5 Ba6 16. Bxa8 Bxf1 17. Qxd8 Rxd8 18. Kxf1 Rxa8 $11 {[%mdl 4096] Endgame KRB-KRB} 19. Be3 Rb8 20. Rc1 Rxb3 21. Bxc5 Bxc5 22. Rxc5 {[%cal Rc5c8] [#] KR-KR} g6 23. Ra5 Rb7 24. Ke2 Rd7 25. Ke3 Kg7 {The position is equal.} 26. h4 h5 27. Ra6 Re7+ 28. Kf4 Rc7 29. g3 Re7 30. a5 Kf8 31. f3 Kg7 32. Rc6 Rb7 33. Ra6 Re7 34. g4 hxg4 35. Kxg4 Rb7 36. f4 Rc7 37. h5 gxh5+ 38. Kxh5 Rd7 39. Kg5 Rc7 40. Kf5 Rb7 41. Kg5 Rc7 42. Kg4 Rb7 43. Rc6 Rb5 44. Ra6 Rb7 45. f5 Rd7 46. Kg5 Rb7 47. Kf4 Rb4+ 48. Kg5 Rb7 49. Rd6 Rb5 50. a6 {Rd7 is the strong threat.} Ra5 51. Rc6 Ra1 52. f6+ Kh7 53. Kf5 Ra5+ 54. Ke4 Kg6 55. Kd4 Ra1 56. Kd5 Ra2 57. Kc5 Ra1 ({Much worse is} 57... Rc2+ $6 58. Kd6 $16) 58. Kb5 Rb1+ 59. Kc5 Ra1 60. Kd5 Ra2 61. Kd6 Kxf6 62. Kc7+ Ke5 63. Kb7 f5 ({Worse is} 63... Kd5 64. Rf6 $16) 64. Kxa7 f4 65. Rc3 Ke4 66. Kb7 f3 {[#]} 67. Rxf3 $1 {[%mdl 512]} Kxf3 68. a7 Ke4 69. a8=Q Rxa8 {Precision: White = 83%, Black = 80%.} 1/2-1/2

[Event "Sabadell Open 2018"]
[Site "Sabadell"]
[Date "2018.09.08"]
[Round "8"]
[White "Aguero Jimenez, Luis Lazaro"]
[Black "Gonzalez Garcia, Jose"]
[Result "1/2-1/2"]
[WhiteElo "2483"]
[BlackElo "2497"]
[Annotator "TA"]
[PlyCount "77"]
[EventDate "2018.09.01"]
[EventType "swiss"]
[EventCountry "ESP"]
[SourceTitle "playchess.com"]
[Source "ChessBase"]
[SourceQuality "1"]

{[%evp 27,77,0,7,0,0,0,0,0,0,0,0,0,0,-4,-12,-9,-18,-18,0,0,0,0,0,0,0,0,0,0,4,5,4,4,4,4,4,4,4,0,0,0,0,0,0,0,0,0,0,0,0,0,0,0]} 1. e4 c5 2. Nf3 Nc6 3. d4 cxd4 4. Nxd4 Nf6 5. Nc3 d6 6. f3 e5 7. Nb3 Be7 8. Be3 O-O 9. Qd2 a5 10. Bb5 Na7 11. Bd3 Be6 {B56: Classical Sicilian: Unusual Lines} 12. Rd1 (12. O-O Nc8 13. Rad1 a4 14. Nc1 Nb6 15. Qf2 Nfd7 16. a3 {½-½ (16) Movsesian,S (2653)-Kononenko,D (2617) Pardubice 2015}) 12... Nc8 13. a4 Nb6 14. Qf2 Nc4 {LiveBook: 4 Games. The position is equal.} 15. Bxc4 Bxc4 16. Bb6 Qc8 17. Nxa5 d5 {[#] And now ...d4 would win.} 18. Nxc4 Qxc4 19. Nxd5 Nxd5 20. exd5 Rxa4 {aiming for ...Ra2.} 21. Be3 $146 Ra2 22. Qe2 Bb4+ 23. Kf2 Qxe2+ 24. Kxe2 Rxb2 25. Kd3 {[#] Strongly threatening Rb1.} Rc8 {Hoping for ...Rc3+.} 26. Rb1 Rcxc2 27. Rhc1 f5 28. Rxc2 Rxb1 $11 {[%mdl 4096] Endgame KRB-KRB} 29. Rc8+ Kf7 30. Rc7+ Kf6 $132 {[%mdl 2048] Black is not keeping still} 31. Rxb7 Rb3+ 32. Kc4 Rxe3 {KRB-KR} 33. Rb6+ Ke7 {White must now prevent ...Ba5.} 34. Rxb4 Re2 35. Rb7+ Kf6 36. Rb6+ Ke7 37. Rb7+ Kf6 38. Rb6+ Ke7 39. Rb7+ {Precision: White = 92%, Black = 87%.} 1/2-1/2

[Event "Sabadell Open 2018"]
[Site "Sabadell"]
[Date "2018.09.08"]
[Round "8"]
[White "Munoz, Miguel"]
[Black "Cruz, Cristhian"]
[Result "1/2-1/2"]
[WhiteElo "2471"]
[BlackElo "2571"]
[Annotator "TA"]
[PlyCount "31"]
[EventDate "2018.09.01"]
[EventType "swiss"]
[EventCountry "ESP"]
[SourceTitle "playchess.com"]
[Source "ChessBase"]
[SourceQuality "1"]

{[%evp 15,21,31,28,22,29,14,13,15]} 1. e4 e5 2. Nf3 Nc6 3. Bb5 {[%cal Bf1b5,Bb5a4,Ba4b3][%mdl 32]} a6 4. Ba4 g6 5. O-O Bg7 6. c3 Nge7 7. d4 exd4 8. cxd4 b5 {LiveBook: 415 Games. C60: Ruy Lopez: Unusual Black 3rd moves and 3...g6} 9. Bb3 O-O 10. Nc3 d6 11. Nd5 {Predecessor:} h6 $146 12. Nxe7+ Nxe7 13. Be3 Kh7 14. Rc1 f5 15. e5 Bb7 16. Re1 {½-½ (66) Dominguez Perez,L (2719)-Aronian,L (2786) Moscow 2009} 1/2-1/2

[Event "Sabadell Open 2018"]
[Site "Sabadell"]
[Date "2018.09.08"]
[Round "8"]
[White "Diaz Camallonga, Carles"]
[Black "Valdes Romero, Leonardo"]
[Result "1/2-1/2"]
[WhiteElo "2447"]
[BlackElo "2398"]
[Annotator "TA"]
[PlyCount "67"]
[EventDate "2018.09.01"]
[EventType "swiss"]
[EventCountry "ESP"]
[SourceTitle "playchess.com"]
[Source "ChessBase"]
[SourceQuality "1"]

{[%evp 13,67,27,60,27,33,8,26,16,17,0,0,0,0,0,0,0,0,0,12,4,12,10,32,28,39,14,20,0,14,12,29,29,35,0,0,0,20,0,25,10,14,0,0,0,0,-2,0,-13,0,0,0,0,0,0,0,-29]} 1. e4 d6 2. d4 Nf6 3. Nc3 g6 4. Nf3 Bg7 5. Be2 O-O 6. O-O e6 7. h3 {B08: Pirc Defence: Classical System} Nc6 {LiveBook: 40 Games} 8. Bf4 a6 9. a4 {White is slightly better.} b6 10. Re1 Bb7 11. e5 $146 ({Predecessor:} 11. Qd2 Re8 12. Bh6 Nb4 13. Bxg7 Kxg7 14. Bf1 c5 15. Rad1 Qc7 {0-1 (54) Yilmaz,G (2172)-Bernadskiy,V (2533) Albena 2017}) 11... dxe5 12. dxe5 Nd7 {[%cal Rc6e5]} 13. Bf1 h6 14. Qc1 Kh7 15. Bg3 Ne7 16. Ne4 Nf5 17. Bh2 Nh4 18. Nxh4 Qxh4 19. Bg3 Qe7 20. Nc3 Qb4 21. Qe3 Rad8 ({Avoid the trap} 21... Qxb2 $2 22. Reb1 $18) 22. b3 Qc5 23. Rad1 Qxe3 24. Rxe3 {[%cal Be1e3,Be3d3,Bd3d4][%mdl 32] [#] Threatens to win with Red3.} Nb8 25. Red3 Rc8 26. Be2 Nc6 {The position is equal.} 27. Bf3 Ba8 28. Bxc6 Bxc6 29. Rd4 b5 30. Ne4 Bxe4 31. Rxe4 Rfd8 32. Red4 Rxd4 33. Rxd4 g5 34. f3 {Precision: White = 42%, Black = 52%.} 1/2-1/2

[Event "Sabadell Open 2018"]
[Site "Sabadell"]
[Date "2018.09.08"]
[Round "8"]
[White "Lorenzo De La Riva, Lazaro"]
[Black "Fernandez Diaz, Cristian"]
[Result "1-0"]
[WhiteElo "2399"]
[BlackElo "2221"]
[Annotator "NA"]
[PlyCount "37"]
[EventDate "2018.09.01"]
[EventType "swiss"]
[EventCountry "ESP"]
[SourceTitle "playchess.com"]
[Source "ChessBase"]
[SourceQuality "1"]
[TimeControl "5400+30"]

1. e4 {[%emt 0:03:08]} c5 {[%emt 0:00:00]} 2. Nf3 {[%emt 0:00:12]} Nc6 {[%emt 0:00:01]} 3. d4 {[%emt 0:00:20]} cxd4 {[%emt 0:00:10]} 4. Nxd4 {[%emt 0:00:06]} g6 {[%emt 0:00:14]} 5. c4 {[%emt 0:00:39]} Bg7 {[%emt 0:00:05]} 6. Be3 {[%emt 0:00:10]} Nf6 {[%emt 0:00:06]} 7. Nc3 {[%emt 0:00:04]} O-O {[%emt 0:00:08]} 8. Be2 {[%emt 0:00:03]} d6 9. O-O {[%emt 0:00:30]} Nxd4 {[%emt 0:00:12]} 10. Bxd4 {[%emt 0:00:05]} Bd7 {[%emt 0:00:05]} 11. h3 {[%emt 0:00:54]} Bc6 {[%emt 0:03:33]} 12. Qc2 {[%emt 0:01:38]} a5 {[%emt 0:03:54]} 13. Rad1 {[%emt 0:09:14]} a4 {[%emt 0:11:05]} 14. c5 {[%emt 0:03:47]} Qa5 {[%emt 0:01:00]} 15. cxd6 {[%emt 0:01:55]} exd6 {[%emt 0:00:14]} 16. Bf3 {[%emt 0:07:34]} Rfe8 {[%emt 0:05:26]} 17. a3 {[%emt 0:02:15]} Rac8 {[%emt 0:04:43]} 18. Qd2 {[%emt 0:05:38]} Rcd8 $18 {[%emt 0:21:52]} (18... h5 $14) 19. Bxf6 {[%emt 0:06:33]} 1-0

[Event "Sabadell Open 2018"]
[Site "Sabadell"]
[Date "2018.09.08"]
[Round "8"]
[White "Valenzuela Gomez, Fernando"]
[Black "Chavez, Ricardo Ernesto"]
[Result "1-0"]
[WhiteElo "2384"]
[BlackElo "2244"]
[Annotator "TA"]
[PlyCount "59"]
[EventDate "2018.09.01"]
[EventType "swiss"]
[EventCountry "ESP"]
[SourceTitle "playchess.com"]
[Source "ChessBase"]
[SourceQuality "1"]

{[%evp 13,59,47,49,55,158,152,164,159,137,154,181,176,186,171,168,147,173,152,245,242,308,317,322,315,358,353,337,344,587,576,596,600,572,561,577,577,577,577,639,547,29967,29968,29969,29971,29961,29970,29981,29981]} 1. e4 g6 2. d4 Bg7 3. Nc3 d6 4. Be3 a6 5. Qd2 b5 6. O-O-O Bb7 {B06: Modern Defence} 7. h4 h6 {LiveBook: 10 Games} 8. h5 (8. f3 Nd7 9. g4 Nb6 10. Bd3 Nf6 11. Nh3 Nfd7 12. d5 Ne5 13. Qf2 Rc8 {0-1 (41) Quesada Perez,Y (2627)-Petrosian,T (2606) chess.com INT 2018}) 8... gxh5 $146 ({Black should play} 8... g5 $1 $14) ({Predecessor:} 8... g5 9. f4 gxf4 10. Bxf4 b4 11. Nce2 Bxe4 12. Ng3 {0-1 (46) Smith,B (2439)-Treger,E (2176) Arlington 2016}) 9. f3 $16 ({Don't do} 9. Rxh5 $6 Nf6 $14) 9... Nf6 10. Nh3 Nbd7 11. Nf4 e5 12. dxe5 ({Don't take} 12. Nxh5 Nxh5 13. Rxh5 exd4 $16) 12... Nxe5 13. Nxh5 Nxh5 14. Rxh5 Qd7 15. Nd5 O-O-O (15... Bxd5 $16 {keeps fighting.} 16. Qxd5 Rd8) 16. a4 Rde8 17. axb5 axb5 18. Bd4 f5 {[#]} 19. Qc3 $1 ({Not} 19. Rxf5 Bxd5 20. Bxe5 Bxe4 $16) 19... Bxd5 20. exd5 Rhg8 $2 (20... Re7 21. Qa5 c5) 21. Qa5 $18 {[%cal Ra5a8]} Qf7 {[#]} 22. Bxb5 $1 {[%cal Ra5a8][%mdl 512]} Kd8 23. Bxe8 Rxe8 24. Rhh1 f4 25. Rhe1 Kd7 26. Re4 Rb8 27. Bxe5 {White mates.} Bxe5 {[#]} 28. Rxe5 $1 dxe5 29. d6 {[%cal Bd5d6,Bd6c7][%mdl 32]} Ke6 30. dxc7 {Precision: White = 87%, Black = 25%.} 1-0

[Event "Sabadell Open 2018"]
[Site "Sabadell"]
[Date "2018.09.08"]
[Round "8"]
[White "Giron, Jorge Ernesto"]
[Black "Aroshidze, Levan"]
[Result "0-1"]
[WhiteElo "2303"]
[BlackElo "2513"]
[Annotator "TA"]
[PlyCount "70"]
[EventDate "2018.09.01"]
[EventType "swiss"]
[EventCountry "ESP"]
[SourceTitle "playchess.com"]
[Source "ChessBase"]
[SourceQuality "1"]

{[%evp 20,70,50,38,56,49,47,43,48,39,39,37,44,37,47,39,93,91,114,111,97,73,60,15,49,-27,58,27,61,0,0,-14,36,0,0,0,0,0,0,0,0,0,0,-147,-95,-790,-329,-29993,-29994,-29997,-1956,-29998,-29999]} 1. e4 c5 2. Nf3 e6 3. d4 cxd4 4. Nxd4 a6 5. c4 b6 6. Nc3 Bb7 7. a3 {A34: Englische Eröffnung (Symmetrische Variante)} d6 (7... Nf6 8. f3 Qc7 9. Be3 Nc6 10. Rc1 Bc5 11. Qd2 O-O 12. Be2 Rac8 13. b4 Bxd4 14. Bxd4 Nxd4 15. Qxd4 {1-0 (33) Ponomariov,R (2694)-Fedorchuk,S (2648) Riadh 2017}) 8. Be3 Nf6 9. f3 Be7 10. Be2 O-O 11. O-O {LiveBook: 12 Partien} Nbd7 12. Qd2 Rc8 13. Rac1 Qc7 14. b4 Qb8 15. Na4 Bd8 16. Kh1 Bc7 $146 ({Vorgänger:} 16... Re8 17. Rfe1 g6 18. Bf1 h5 19. Bg5 Kg7 20. Red1 {1-0 (42) Turova,I (2401)-Ovod,E (2301) Izmir 2004}) 17. Bg1 d5 (17... Rfe8 $14) 18. exd5 $16 Bf4 19. Be3 Bxh2 20. f4 Bg3 21. Rf3 Ne4 22. Qd3 (22. Qd1 $14) 22... Ndf6 (22... Bxd5 $1 $11 23. Kg1 (23. cxd5 Rxc1+ 24. Bxc1 Qd8 $11) 23... Bb7) 23. Nxb6 $14 {Droht stark c5.} Rcd8 {[%cal Re6d5]} 24. Rcf1 ({Ein No Go ist} 24. dxe6 fxe6 25. c5 Ng4 $15) ({Günstiger ist} 24. Kg1 $1 $14) 24... exd5 25. c5 $1 Rfe8 26. Bc1 Ng4 $40 {[%mdl 128] Schwarz hat einigen Angriff.} 27. Kg1 $1 Bh2+ $1 28. Kh1 {Schwarz sollte Db3 verhindern.} Bg3 29. Kg1 $1 Bh2+ $1 30. Kh1 {Droht Db3.} Qc7 {Weiss muss nun ...De7 beachten.} 31. Bb2 {[#]} (31. Bd2 $1 $11) 31... g6 (31... h5 $142 $1 32. Nf5 d4) 32. Qc2 $2 {[%mdl 8192] [#]} (32. Bc3 $17) 32... Bg3 (32... Qxf4 $142 $1 {[%mdl 512] ( -> ...Dh6)} 33. Qc1 (33. Rxf4 Ng3#) 33... Qe5) 33. Bd3 $2 (33. Kg1 $19 Bh2+ 34. Kh1 Qxf4 35. Qc3 Ngf2+ 36. R1xf2 Nxf2+ 37. Rxf2 Qxf2 38. Kxh2) 33... Qe7 34. Rxg3 Nxg3+ 35. Kg1 Qh4 {Precision: Weiß = 47%, Schwarz = 49%.} 0-1

[Event "Sabadell Open 2018"]
[Site "Sabadell"]
[Date "2018.09.08"]
[Round "8"]
[White "Nieto Farreny, Francesc"]
[Black "Hernandez, Cristian Andres"]
[Result "1-0"]
[WhiteElo "2191"]
[BlackElo "2333"]
[Annotator "TA"]
[PlyCount "75"]
[EventDate "2018.09.01"]
[EventType "swiss"]
[EventCountry "ESP"]
[SourceTitle "playchess.com"]
[Source "ChessBase"]
[SourceQuality "1"]

{[%evp 22,75,8,6,15,15,30,23,34,27,68,71,93,69,158,160,172,154,151,145,122,117,107,33,39,35,35,36,29,34,50,26,20,0,0,0,0,0,665,641,1036,1008,1080,1075,1280,1288,1280,1262,1130,1076,2442,2591,12838,11311,12839,12394]} 1. d4 Nf6 {[%cal Bg8f6,Bf6e4,Be4d2][%mdl 32]} 2. c4 e6 3. Nc3 Bb4 4. e3 b6 5. Nge2 Ne4 6. Bd2 Nxd2 7. Qxd2 Bb7 8. a3 {E44: Nimzo-Indian: Rubinstein: 4...b6 5 Ne2} Be7 9. d5 O-O 10. g3 d6 11. Bg2 e5 12. O-O {LiveBook: 8 Games} Nd7 13. f4 {[#]} exf4 $146 ({Predecessor:} 13... g6 14. Rae1 Bf6 15. g4 Bg7 16. g5 Qe7 {1-0 (41) Volkov,S (2629)-Moiseenko,A (2631) Sochi 2004}) 14. exf4 Bf6 15. Rae1 g6 16. Nd4 a6 17. Nc6 Bxc6 ({Black should play} 17... Bxc3 $1 $14 18. Qxc3 Bxc6 19. dxc6 Nf6) 18. dxc6 $16 Bxc3 19. Qxc3 ({Resist} 19. bxc3 $6 Nf6 $16) 19... Nf6 20. f5 $1 {[%cal Rf5g6] And now fxg6 would win.} Ng4 21. Bd5 ({But not} 21. fxg6 hxg6 22. Bd5 Ne5 $14) 21... Ne5 22. Rxe5 (22. b4 $16) 22... dxe5 $14 23. fxg6 hxg6 {...Qe7 is the strong threat.} 24. Qxe5 $40 {[%mdl 128] White mounts an attack.} Qd6 $1 {[%cal Rd6e5]} 25. Qxd6 cxd6 $11 {[%mdl 4096] Endgame KRR-KRB} 26. Rf6 {aiming for Rxg6+.} Kg7 27. Rxd6 {Threatens to win with Rd7.} Rad8 $1 {[%cal Rd8d6]} 28. Rxd8 Rxd8 {KR-KB} 29. Kf2 b5 $2 {[%mdl 8192] [#]} (29... Kf6 $11) 30. Ke3 $1 $18 {[%cal Re3d4] White is clearly winning.} bxc4 {[#]} 31. Kd4 $1 {[%cal Rd4c5]} Kf6 32. Kc5 c3 33. bxc3 Rc8 34. Bc4 Ke7 35. Bxa6 Rc7 36. a4 {[%cal Ba3a4,Ba4a5][%mdl 32]} Kd8 37. a5 Re7 38. Kb6 {Precision: White = 76%, Black = 39%.} 1-0

[Event "Sabadell Open 2018"]
[Site "Sabadell"]
[Date "2018.09.08"]
[Round "8"]
[White "Juan Bartroli, Marc"]
[Black "Prats Rodriguez, Juan Bosco"]
[Result "0-1"]
[WhiteElo "2067"]
[BlackElo "1997"]
[Annotator "NA RC"]
[PlyCount "82"]
[EventDate "2018.09.01"]
[EventType "swiss"]
[EventCountry "ESP"]
[SourceTitle "playchess.com"]
[Source "ChessBase"]
[SourceQuality "1"]
[TimeControl "5400+30"]

1. c4 {[%emt 0:01:20]} e5 {[%emt 0:00:00]} 2. g3 {[%emt 0:00:19]} Nc6 {[%emt 0:00:00]} 3. Bg2 {[%emt 0:00:14]} d6 {[%emt 0:01:09]} 4. Nc3 {[%emt 0:00:10]} Be6 {[%emt 0:00:22]} 5. d3 Qd7 {[%emt 0:00:28]} 6. Rb1 {[%emt 0:00:59]} g6 {[%emt 0:00:27]} 7. b4 {[%emt 0:00:31]} Bg7 {[%emt 0:00:19]} 8. b5 {[%emt 0:00:38]} Nd8 {[%emt 0:00:06]} 9. Nd5 c6 {[%emt 0:01:15]} 10. bxc6 {[%emt 0:00:40]} bxc6 {[%emt 0:00:05]} 11. Nc3 {[%emt 0:02:35]} Ne7 12. e3 {[%emt 0:00:55]} O-O {[%emt 0:05:04]} 13. Nge2 Bh3 14. O-O {[%emt 0:02:50]} Bxg2 {[%emt 0:03:47]} 15. Kxg2 {[%emt 0:00:10]} Ne6 16. Ba3 {[%emt 0:19:49]} f5 {[%emt 0:04:19]} 17. f4 {[%emt 0:01:15]} exf4 {[%emt 0:14:51]} 18. exf4 {[%emt 0:10:25]} c5 {[%emt 0:06:57]} 19. Qb3 {[%emt 0:01:12]} Qc6+ {[%emt 0:06:04]} 20. Nd5 {[%emt 0:19:50]} Nc7 {[%emt 0:00:38]} 21. Qb7 Ncxd5 22. Qxc6 {[%emt 0:01:47]} Nxc6 {[%emt 0:00:56]} 23. cxd5 {[%emt 0:00:11]} Ne7 {[%emt 0:00:12]} 24. Rb7 {[%emt 0:05:12]} Nxd5 {[%emt 0:00:33]} 25. Rfb1 {[%emt 0:01:59]} Rfe8 {[%emt 0:01:06]} 26. Kf2 {[%emt 0:02:29]} Re6 27. Rb8+ $17 {[%emt 0:05:59]} Rxb8 {[%emt 0:12:30]} 28. Rxb8+ {[%emt 0:00:01]} Kf7 29. Ra8 {[%emt 0:03:13]} Re7 {[%emt 0:01:07]} 30. Rd8 Ke6 {[%emt 0:08:43]} 31. d4 {[%emt 0:00:52]} Nf6 {[%emt 0:03:06]} 32. Kf3 Ne4 33. dxc5 {[%emt 0:07:38]} dxc5 {[%emt 0:02:00]} 34. Rc8 {[%emt 0:01:17]} Kd5 {[%emt 0:02:14]} 35. Nc1 {[%emt 0:02:12]} Nd2+ {[%emt 0:02:47]} 36. Kg2 {[%emt 0:11:13]} Bd4 37. Rd8+ {[%emt 0:01:42]} Kc4 {[%emt 0:05:17]} 38. Bb2 Bxb2 39. Rxd2 {[%emt 0:00:38]} Kc3 {[%emt 0:05:00]} 40. Re2 {[%emt 0:01:38]} Rxe2+ {[%emt 0:00:15]} 41. Nxe2+ {[%emt 0:00:01]} Kd2 {[%emt 0:00:20]} 0-1

[Event "Sabadell Open 2018"]
[Site "Sabadell"]
[Date "2018.09.08"]
[Round "8"]
[White "Fernandez Pintado, Xavier"]
[Black "Serentill Tost, Eduard"]
[Result "0-1"]
[WhiteElo "1602"]
[BlackElo "1613"]
[Annotator "NA"]
[PlyCount "66"]
[EventDate "2018.09.01"]
[EventType "swiss"]
[EventCountry "ESP"]
[SourceTitle "playchess.com"]
[Source "ChessBase"]
[SourceQuality "1"]
[TimeControl "5400+30"]

1. d4 {[%emt 0:00:00]} Nf6 {[%emt 0:00:00]} 2. c4 {[%emt 0:00:00]} g6 {[%emt 0:00:00]} 3. Nc3 {[%emt 0:00:00]} Bg7 {[%emt 0:00:05]} 4. e4 {[%emt 0:00:11]} d6 {[%emt 0:00:09]} 5. Nf3 {[%emt 0:01:05]} O-O {[%emt 0:00:27]} 6. Be2 Nbd7 {[%emt 0:00:35]} 7. O-O {[%emt 0:01:12]} e5 8. d5 {[%emt 0:00:16]} Nc5 {[%emt 0:01:16]} 9. Qc2 a5 {[%emt 0:01:37]} 10. Be3 {[%emt 0:00:47]} Ne8 {[%emt 0:05:24]} 11. a3 {[%emt 0:02:26]} f5 {[%emt 0:00:20]} 12. b4 Nxe4 {[%emt 0:06:02]} 13. Nxe4 {[%emt 0:01:24]} fxe4 {[%emt 0:00:17]} 14. Nd2 {[%emt 0:02:39]} Nf6 {[%emt 0:03:04]} 15. h3 {[%emt 0:02:14]} b6 16. Rfd1 {[%emt 0:04:15]} Qe8 {[%emt 0:06:40]} 17. Nf1 {[%emt 0:00:57]} h6 {[%emt 0:02:49]} 18. Qd2 {[%emt 0:00:19]} Kh7 {[%emt 0:00:21]} 19. b5 {[%emt 0:01:51]} g5 {[%emt 0:05:15]} 20. a4 {[%emt 0:01:16]} Nh5 {[%emt 0:01:32]} 21. Nh2 {[%emt 0:00:42]} Nf4 {[%emt 0:03:14]} 22. Ra3 Qg6 {[%emt 0:05:25]} 23. Nf1 {[%emt 0:03:04]} h5 {[%emt 0:04:17]} 24. f3 {[%emt 0:08:22]} Nxe2+ 25. Qxe2 {[%emt 0:02:35]} exf3 {[%emt 0:01:11]} 26. Qf2 g4 {[%emt 0:06:38]} 27. hxg4 {[%emt 0:09:14]} Bxg4 28. g3 {[%emt 0:05:05]} Rf7 {[%emt 0:06:21]} 29. Nh2 e4 {[%emt 0:04:42]} 30. Nxg4 {[%emt 0:05:31]} Qxg4 31. Rd2 {[%emt 0:01:50]} Be5 {[%emt 0:03:07]} 32. Kh2 {[%emt 0:03:48]} h4 {[%emt 0:00:49]} 33. Bf4 {[%emt 0:00:11]} Rxf4 {[%emt 0:06:45]} 0-1